000 01299nam a22002415i 4500
001 157351
003 ES-MaACL
005 20250627063650.0
008 040915s1783 fr abc |||| | fre d
040 _aCAM
_bspa
_cCAM
100 1 _aLe Clerc, Nicolas-Gabriel,
_d1726-1798
_970856
245 1 0 _aHistoire physique, morale, civile et politique de la Russie moderne /
_cpar M. Le Clerc... ; tome premier.
260 _aA Paris :
_bchez Froullé, libraire... ;
_aA Versailles :
_bchez Blaizot, libraire...,
_c1783 (
_fDe l'imprimerie de Clousier)
300 _a[4], 536, [2] p., [1] h. en bl., [10] h. pleg., [2] h. maps. pleg., [1] h. de grab. ;
_c4º.
596 _aDato de impresor consta en colofón.
597 _aSign.: []\p2\s, A-2Z\p4\s, 3A-3V\p4\s, 3X\p6\s.
597 _aAntep.
599 _aLas h. de map. pleg. calc.: "Dessiné par Clermont, gravé par P. Tardieu", Imperio ruso ; "Destruction de la Flotte ottomanne dans le Port de Tzeme par l'Escadre russe, sous les ordres de le Comte Orlof, la nuit du 7 juillet 1770"
599 _aLa h. de grab. calc., retrato de Catalina \RII\R : "Dessiné par Chevalier et Marillier, gravé par Pauquet"
651 4 _aRusia-
_xHistoria.
_99330
852 _aES-MaACL
_jR-3446
_z-- Enc. pasta española
999 _c157351
_d157351